| 000 | 01639nam2a22002531 4500 | ||
|---|---|---|---|
| 001 | RU\NLR\INFOCOMM19\5000008718 | ||
| 005 | 20250617020156.0 | ||
| 035 | _a(NLR Aleph) 002362148 | ||
| 090 |
_a4545847 _c4545847 |
||
| 100 | _a20041129d1925 |||y0rusy50 ca | ||
| 101 | 0 | _arus | |
| 102 | _aRU | ||
| 105 | _ay ||||000|y | ||
| 200 | 1 |
_aНормальные поперечные профиля и образцы продольного профиля шоссейных и мощеных дорог государственного и стратегического, а также местного значения в метрических мерах _fВ.Ф. Точиский |
|
| 210 |
_d1925 _aБ. м. |
||
| 461 | 0 |
_1001RU\NLR\INFOCOMM19\5000008664 _12001#$aСборник Отдела шоссейных и грунтовых дорог$fНКПС. Центр. упр. шоссейных и грунтовых дорог и автотранспорта (ЦУДОРТРАНС)$vВып.14 _94545744 _aСССР. Центральное управление шоссейных и грунтовых дорог и автомобильного транспорта _cМ. _d1916-1930 _fНКПС. Центр. упр. шоссейных и грунтовых дорог и автотранспорта (ЦУДОРТРАНС) _nТранспечать НКПС _tСборник Отдела шоссейных и грунтовых дорог _vВып.14 |
|
| 700 | 1 |
_aТочиский _bВ.Ф. _4070 |
|
| 801 | 1 |
_aRU _bInfoComm _c20041129 |
|
| 801 | 0 |
_aRU _bNLR _gPSBO |
|
| 852 |
_aNLR _j127/5 |
||
| 942 | _cISSUE | ||
| 980 | _aNB | ||
| 980 | _aRUSPER | ||